Ville de Normandie ou des États-Unis ? - Statistiques

Statistiques générales
  • Ce quiz a été pris 955 fois
  • Le résultat moyen est 17 sur 22
Statistiques - réponses
Hint Explanation Réponse % Correct
Nashville Tennessee
95%
Jacksonville Floride
95%
Simpsonville Caroline du Sud
94%
Huntsville Alabama
94%
Deauville Calvados
94%
Brownsville Texas
93%
Knoxville Tennessee
92%
Trouville Seine-Maritime
92%
Louisville Kentucky
88%
Beuzeville Eure
84%
Tréauville Manche
83%
Flamanville Manche
82%
Fayetteville Caroline du Nord
79%
Romeoville Illinois
77%
Picauville Manche
74%
Roseville Californie
70%
Sotteville Manche
60%
Albertville Alabama
57%
Prairieville Louisiane
56%
Centreville Maryland
53%
Canapville Calvados
35%
Abbeville Louisiane
27%
Aucun quiz correspondant
Distribution des résultats
% des personnes avec chaque résultat
Percentile par nombre de réponses
Votre historique - résultats
Vous n’avez pas pris ce quiz